|
|
|
|
| LEADER |
02733nam a22003853i 4500 |
| 001 |
EBC7024828 |
| 003 |
MiAaPQ |
| 005 |
20231204023226.0 |
| 006 |
m o d | |
| 007 |
cr cnu|||||||| |
| 008 |
231204s2022 xx o ||||0 ger d |
| 020 |
|
|
|a 9783839464267
|q (electronic bk.)
|
| 020 |
|
|
|z 9783732864263
|
| 035 |
|
|
|a (MiAaPQ)EBC7024828
|
| 035 |
|
|
|a (Au-PeEL)EBL7024828
|
| 035 |
|
|
|a (OCoLC)1334106597
|
| 040 |
|
|
|a MiAaPQ
|b eng
|e rda
|e pn
|c MiAaPQ
|d MiAaPQ
|
| 100 |
1 |
|
|a Becker, Uwe.
|
| 245 |
1 |
0 |
|a Deutschland und seine Flüchtlinge :
|b Das Wechselbad der Diskurse im langen Sommer der Flucht 2015.
|
| 250 |
|
|
|a 1st ed.
|
| 264 |
|
1 |
|a Bielefeld :
|b transcript,
|c 2022.
|
| 264 |
|
4 |
|c {copy}2022.
|
| 300 |
|
|
|a 1 online resource (289 pages)
|
| 336 |
|
|
|a text
|b txt
|2 rdacontent
|
| 337 |
|
|
|a computer
|b c
|2 rdamedia
|
| 338 |
|
|
|a online resource
|b cr
|2 rdacarrier
|
| 490 |
1 |
|
|a X-Texte zu Kultur und Gesellschaft
|
| 505 |
0 |
|
|a Cover -- Inhalt -- Einleitung -- 1 Diskurstheoretische Anmerkungen - eine Hinführung -- 1.1 Grenzen des Diskurses -- 1.2 Es zählt, was erzählt wird -- 2 Die »Flüchtlingskrise« und ihre Umdeutung -- 2.1 Moralische Abwehr - die Figur des »Schleppers« im medialen Diskurs -- 2.2 »Wir« brauchen »Euch« - der »Flüchtling« als homo oeconomicus -- 2.3 »Hilfe, Flüchtlinge« -- 2.4 Diskursanalytische Bilanz I -- 3 Moralische Landnahme -- 3.1 »Wir« - Deutschland schafft das -- 3.2 Ailan Kurdi - die Entstehung einer großen Erzählung -- 3.3 Willkommen im gelobten Land -- 3.4 Rechtsbruch und »Willkommenstrance« - zur Transformation eines Narrativs -- 3.5 Die Grenze - eine Metapher mit Wirkung -- 3.6 Diskursanalytische Bilanz II -- 4 Kölner Silvesternacht -- 4.1 Eine neue Dimension -- 4.2. Es müssen »Flüchtlinge« sein -- 4.3 »Wir« brauchen einen starken Staat -- 4.4 Der arabische Mann -- 4.5 Diskursanalytische Bilanz III -- 5 Fremde Freunde - Fremde Feinde -- 5.1 Von Fremden zu Feinden -- 5.2 Ein Hoch auf uns -- 5.3 Die Freunde der Fremden -- Epilog: »Guter Flüchtling« - »Schlechter Flüchtling« -- Literatur -- Material.
|
| 588 |
|
|
|a Description based on publisher supplied metadata and other sources.
|
| 590 |
|
|
|a Electronic reproduction. Ann Arbor, Michigan : ProQuest Ebook Central, 2023. Available via World Wide Web. Access may be limited to ProQuest Ebook Central affiliated libraries.
|
| 655 |
|
4 |
|a Electronic books.
|
| 776 |
0 |
8 |
|i Print version:
|a Becker, Uwe
|t Deutschland und seine Flüchtlinge
|d Bielefeld : transcript,c2022
|z 9783732864263
|
| 797 |
2 |
|
|a ProQuest (Firm)
|
| 830 |
|
0 |
|a X-Texte zu Kultur und Gesellschaft
|
| 856 |
4 |
0 |
|u https://ebookcentral.proquest.com/lib/matrademy/detail.action?docID=7024828
|z Click to View
|